The technique of the television cameraman

Guardat en:
Dades bibliogràfiques
Autor principal: Jones, Peter Edward (Autor)
Format: Llibre
Idioma:espanyol
Publicat: Londres Focal 1972
Edició:3a. ed
Col·lecció:The Library of Communication Techniques
Matèries:
Etiquetes: Afegir etiqueta
Sense etiquetes, Sigues el primer a etiquetar aquest registre!

MARC

LEADER 00000nam a2200000 a 4500
001 UCU1181
003 CL-VaPUC
008 960329e19720000UK |||||||||||||||||spa|d
082 0 4 |a 621.388  |b JON  |2 21 
100 0 |a Jones, Peter Edward  |e author  |9 356797 
245 1 4 |a The technique of the television cameraman 
250 |a 3a. ed 
300 |a 243 p 
942 |c BK 
945 |d 19960329 00:00:00  |a paguirre 
260 |a Londres  |b Focal  |c 1972 
650 0 |a Televisión  |9 256845 
650 7 |a CAMARAS DE TELEVISION  |2 CL-VaPUC  |9 356798 
650 7 |a INGENIERIA DE LA TELEVISION  |2 CL-VaPUC  |9 342135 
650 0 |a Tecnología  |9 256742 
583 |a last modification  |c 19960329 00:00:00  |k Rodrigo Vera 
490 0 |a The Library of Communication Techniques 
999 |c 245893  |d 245891 
952 |0 0  |1 0  |4 0  |6 621_388000000000000_JON_1972  |7 0  |8 P  |9 260519  |a BIBEDU  |b BIBEDU  |c BIBEDU_PB  |d 2019-11-19  |i 2012537  |o 621.388 JON 1972  |p 2012537  |r 2024-01-25  |w 2019-11-19  |y BK  |k EDU